Los buques submarinos / (Record no. 164167)

MARC details
000 -LEADER
campo de control de longitud fija 00937nam a2200217 i 4500
001 - NÚMERO DE CONTROL
campo de control 164167
003 - IDENTIFICADOR DE NÚMERO DE CONTROL
campo de control ES-MaACL
005 - FECHA Y HORA DE LA ÚLTIMA TRANSACCIÓN
campo de control 20230906212902.0
008 - DATOS DE LONGITUD FIJA--INFORMACIÓN GENERAL
campo de control de longitud fija 950206s1889 sp |||| | spa d
040 ## - FUENTE DE CATALOGACIÓN
Centro catalogador/agencia de origen CARM
100 1# - ENTRADA PRINCIPAL--NOMBRE DE PERSONA
Nombre de persona Ruiz del Arbol, Emilio.
9 (RLIN) 132189
245 14 - MENCIÓN DEL TÍTULO
Título Los buques submarinos /
Mención de responsabilidad, etc. por Emilio Ruiz del Arbol.
260 ## - PUBLICACIÓN, DISTRIBUCIÓN, ETC.
Lugar de publicación, distribución, etc. Madrid :
Nombre del editor, distribuidor, etc. [s.n.],
Fecha de publicación, distribución, etc. 1889 (
Fabricante Imp. Popular)
300 ## - DESCRIPCIÓN FÍSICA
Extensión 88 p. ;
Dimensiones 20 cm.
505 8# - NOTA DE CONTENIDO CON FORMATO
Nota de contenido con formato Contiene: ;
Título Ataque y destrucción del confederado Albemarle /
Mención de responsabilidad por Cushing (p. 76-88)
530 ## - NOTA DISPONIBLE DE FORMULARIO FÍSICO ADICIONAL
Nota de formato físico adicional disponible Disponible en formato digital.
650 #4 - PUNTO DE ACCESO ADICIONAL DE MATERIA--TÉRMINO DE MATERIA
Término de materia o nombre geográfico como elemento de entrada Submarinos.
9 (RLIN) 155749
852 ## - LOCALIZACIÓN
Ubicación ES-MaACL
Número de control de estantería Fol-Laf-391
Nota libre - Rust.
-- . - Legado M. de la Fuente
852 ## - LOCALIZACIÓN
Ubicación ES-MaACL
Número de control de estantería T-575-F-6
Nota libre - Enc. hol. conservando la cub. original
-- - Ded. autógr. del autor a Enrique Fdez. Villaverde
-- - Enc. en un vol. facticio
856 ## - LOCALIZACIÓN Y ACCESO ELECTRÓNICOS
Identificador Uniforme de Recursos <a href="http://bdh-rd.bne.es/viewer.vm?id=0000001590&page=1 ">http://bdh-rd.bne.es/viewer.vm?id=0000001590&page=1 </a>
Nota pública Biblioteca Digital Hispánica
Holdings
Estatus retirado Estado de pérdida Estado de daño No para préstamo Colección Biblioteca de origen Biblioteca actual Ubicación en estantería Fecha de adquisición Total de préstamos Signatura topográfica completa Código de barras Visto por última vez Precio de reemplazo Tipo de ítem Koha Fuente de adquisición
        Colección de folletos Biblioteca del Ateneo de Madrid Biblioteca del Ateneo de Madrid Depósito folletos 17/01/2008   T-575-F-6 1172060 23/02/2023 23/02/2023 Folleto  
        Colección de folletos Biblioteca del Ateneo de Madrid Biblioteca del Ateneo de Madrid Depósito folletos 17/01/2008   Fol-Laf-391 1172059 23/02/2023 23/02/2023 Folleto